000 00599nam a2200229Ia 4500
003 OSt
005 20221007115527.0
006 a|||||r|||| 00| 0
007 ta
008 221006b |||||||| |||| 00| 0 eng d
024 _a37,347
037 _cTextual
040 _aLCO
_cLCO
_beng
041 _2eng
_aeng
082 _aY1:45:62, Q7
100 _aTIKOO ( Anju Vali)
_9535640
245 0 _aFrom Punishment to Restoration
_b A Quest for Real Justice
260 _c2017
300 _a101
942 _hY1:45:62, Q7
_cTEXL
999 _c1206910
_d1206910